Estatísticas para As marcas mais valiosas do mundo

Clique aqui para jogar o quiz

Estatísticas Gerais

  • Esse quiz foi jogado 548 vezes
  • A pontuação média é 5 de 10

Estatísticas das Respostas

ValorNome% Correto
1 - US$241,2 bilhõesApple
92%
3 - US$192,9 bilhõesMicrosoft
74%
8 - US$50,4 bilhõesSamsung
71%
4 - US$135,4 bilhõesAmazon
65%
2 - US$207,5 bilhõesGoogle
63%
5 - US$70,3 bilhõesFacebook
57%
6 - US$64,4 bilhõesCoca-Cola
45%
10 - US$46,1 bilhõesMcDonald's
42%
7 - US$61,3 bilhõesDisney
24%
9 - US$47,2 bilhõesLouis Vitton
16%

Distribuição das Pontuações

Percentil de Números Respondidos

Porcentagem de Pessoas com Cada Pontuação

Sua Pontuação Histórica

Você não jogou esse quiz